| 000 | 00625cam a22002295a 4500 | ||
|---|---|---|---|
| 001 | 13627160 | ||
| 005 | 20180126082902.0 | ||
| 008 | 860304s1986 nyu b 001 0 eng | ||
| 010 | _a 85073874 | ||
| 020 | _a0465049044 | ||
| 040 |
_aCXP _cCXP _dGUL _dXY4 _dDLC |
||
| 041 | _aeng | ||
| 043 | _ae-gx--- | ||
| 080 | _a940.5405 | ||
| 082 | 0 | 4 |
_a940.5405 LIF _219 |
| 100 | 1 | _a16 | |
| 101 | _aHIS | ||
| 245 | 1 | 4 |
_aThe Nazi doctors : _cRobert Jay Lifton. |
| 504 | _aBibliography: p. [507]-539. | ||
| 906 |
_a7 _bcbc _corignew _d1 _eopcn _f19 _gy-gencatlg |
||
| 942 |
_2ddc _cBK |
||
| 999 |
_c41021 _d41021 |
||